=LDR 00000nam 2200000 4500 =001 INLIS000000000005821 =005 20130612094022 =008 ***********************************Ind** =035 ##$$0010-061300000005821 =041 ##$$a Ind =082 ##$$a 792.808 2 =090 ##$$a 792.808 2, Kel t =100 ##$$a Kelop, Harsono =245 ##$$a Topeng-topeng kehidupan, Harsono Kelop =260 ##$$a 1989 $b Surakarta =300 ##$$a 231 hlm, 21 cm =650 ##$$a Topeng (sandiwara) =850 ##$$a NBPNMAT